000 00973nam a2200313 a 4500
001 000108256
003 CHAP
005 20220817044557.0
008 140120s2011 it abj |r| ||||||eng d
010 _a104718
011 _a105690
020 _a9789251067413
040 _cCHAP
082 0 4 _a639.2
_bF3y v.557
245 1 0 _aReview of tropical reservoirs and their fisheries :
_bthe cases of Lake Nasser, Lake Volta and Indo-Gangetic Basin reservoir /
_ceditado por P.A.M. van Zwieten ... [et al.].
260 _aRoma :
_bFAO,
_c2011.
300 _axiii, 148 p.
490 1 _aDocumento técnico de pesca
_v; 557
590 _aE5995AHE
_b05
_c20140120
_lUCH01
_h1416
650 1 4 _aCuencas.
_930085
650 1 4 _aLagos
_zIndia.
_9125189
650 1 4 _aPesca
_xIndia.
_987388
650 1 4 _aRecursos marinos.
700 1 _avan Zwieten, P.A.M.
_e, ed.
_9125188
830 0 0 _aDocumento técnico de pesca
_v; 557
_933242
901 _aBK
942 _cLIBRO
942 _n0
999 _c104718
_d104718